VALIDATION AND QUALIFICATION IN ANALYTICAL LABORATORIES (Record no. 34501)

MARC details
000 -LEADER
fixed length control field 00319nam a22001337a 4500
003 - CONTROL NUMBER IDENTIFIER
control field SGT
020 ## - INTERNATIONAL STANDARD BOOK NUMBER
International Standard Book Number 9781032644943
082 ## - DEWEY DECIMAL CLASSIFICATION NUMBER
Classification number 616.07
Item number HUB
100 ## - MAIN ENTRY--PERSONAL NAME
Personal name HUBER LUDWIG
245 ## - TITLE STATEMENT
Title VALIDATION AND QUALIFICATION IN ANALYTICAL LABORATORIES
260 ## - PUBLICATION, DISTRIBUTION, ETC. (IMPRINT)
Place of publication, distribution, etc USA
Name of publisher, distributor, etc CRC PRESS PUB
Year of Publication 2025
300 ## - PAGE DESCRIPTION
No. of Pages 303
942 ## - ADDED ENTRY ELEMENTS (KOHA)
Source of classification or shelving scheme Dewey Decimal Classification
Koha item type Books
Holdings
Withdrawn status Lost status Source of classification or shelving scheme Damaged status Not for loan Collection code Home library Current library Shelving location Date acquired Vendor Name SGTU Bill Number Total Checkouts Full call number Accession No. (Barcode) Date last seen Bill Date Koha item type
    Dewey Decimal Classification   Not For Loan SCIENCE SGT Science & Social Sciences Library SGT Science & Social Sciences Library Reference Book 26/03/2026 ABC SGTU 22707   616.07 HUB DP2044 26/03/2026 19/03/2026 Books
    Dewey Decimal Classification   Not For Loan SCIENCE SGT Science & Social Sciences Library SGT Science & Social Sciences Library Reference Book 26/03/2026 ABC SGTU 22707   616.07 HUB DP2045 26/03/2026 19/03/2026 Books